A six months tour through the North of England (Record no. 113518)

MARC details
000 -LEADER
fixed length control field 01814cam a22001935a 4500
001 - CONTROL NUMBER
control field L155374
008 - FIXED-LENGTH DATA ELEMENTS--GENERAL INFORMATION
fixed length control field 120320s1770 xxk f 000 0 eng d
035 ## - SYSTEM CONTROL NUMBER
System control number (Sirsi) u155374
041 0# - LANGUAGE CODE
Language code of text/sound track or separate title eng
100 1# - MAIN ENTRY--PERSONAL NAME
Personal name Young, Arthur
Dates associated with a name 1741-1820
245 02 - TITLE STATEMENT
Title A six months tour through the North of England
Remainder of title Containing, an account of the present state of agriculture, manufactures and population, in several Counties of this Kingdom. Particularly, I. The Nature, Value, and Rental of the Soil. II. The Size of Farms, with Accounts of their Stock, Products, Population, and various Methods of Culture. III. The Use, Expence, and Profit of several Sorts of Manure. IV. The Breed of Cattle, and the respective Profits attending them. V. The State of the Waste Lands which might and ought to be cultivated. VI. The Condition and Number of the Poor, with their Rates, Earnings, &c. Vii. The Prices of Labour and Provisions, and the Proportion between them. Viii. The Register of many curious and useful Experiments in Agriculture, and general Practices in rural Oeconomics communicated by several of the Nobility, Gentry, &c. &c. Interspersed With Descriptions of the Seats of the Nobility and Gentry; and other remarkable Objects: Illustrated with Copper Plates of such Implements of Husbandry, as deserve to be generally known; and Views of some picturesque Scenes, which occurred in the Course of the Journey. In four volumes. ...
260 ## - PUBLICATION, DISTRIBUTION, ETC.
Place of publication, distribution, etc. London
Name of publisher, distributor, etc. printed for W. Strahan; W. Nicoll, No 11. in St. Paul's Church-Yard; B. Collins, at Salisbury; and J. Balfour, at Edinburgh
Date of publication, distribution, etc. MDCCLXX. [1770]
300 ## - PHYSICAL DESCRIPTION
Extent 4v., plates, tables
Other physical details map
Dimensions 8o
520 ## - SUMMARY, ETC.
Summary, etc. Dedication signed: Arthur Young.
583 ## - ACTION NOTE
Action Condition reviewed
Time/date of action 20120620
Status condition level 2
651 #4 - SUBJECT ADDED ENTRY--GEOGRAPHIC NAME
Geographic name Great Britain
Chronological subdivision 1707-
690 ## - LOCAL SUBJECT ADDED ENTRY--TOPICAL TERM (OCLC, RLIN)
Topical term or geographic name as entry element Rural
9 (RLIN) 6268
942 ## - ADDED ENTRY ELEMENTS (KOHA)
Suppress in OPAC 0
Holdings
Withdrawn status Lost status Source of classification or shelving scheme Damaged status Not for loan Home library Current library Shelving location Date acquired Total Checkouts Full call number Barcode Date last seen Copy number Price effective from Koha item type
    Dewey Decimal Classification     Historic collection Historic collection Historic collection 20/03/2012   OCTAVO 1770 YOUNG VOL. 1 30075908 06/08/2019 1 06/08/2019 Book
    Dewey Decimal Classification     Historic collection Historic collection Historic collection 30/01/2013   OCTAVO 1770 YOUNG VOL. 2 30078094 06/08/2019 1 06/08/2019 Book
    Dewey Decimal Classification     Historic collection Historic collection Historic collection 30/01/2013   OCTAVO 1770 YOUNG VOL. 3 30078098 06/08/2019 1 06/08/2019 Book
    Dewey Decimal Classification     Historic collection Historic collection Historic collection 30/01/2013   OCTAVO 1770 YOUNG VOL. 4 30078102 06/08/2019 1 06/08/2019 Book